Statistics for Top 100 LaLiga footballers in XXI century

Click here to take the quiz!

General Stats

  • This quiz has been taken 357 times
  • The average score is 43 of 100

Answer Stats

TeamsPlayer% Correct
Real MadridCristiano Ronaldo
100%
BarcelonaLionel Messi
100%
Barcelona, Real MadridRonaldo
99%
BarcelonaXavi
94%
BarcelonaAndres Iniesta
92%
Sevilla, Real MadridSergio Ramos
90%
Barcelona, AtleticoLuis Suarez
89%
Real MadridKarim Benzema
87%
BarcelonaRonaldinho
87%
BarcelonaNeymar
86%
Real MadridLuka Modric
85%
Real MadridIker Casillas
82%
Real Sociedad, Atletico, BarcelonaAntoine Griezmann
81%
BarcelonaSergio Busquets
81%
Real Zaragoza, BarcelonaGerard Pique
80%
BarcelonaCarles Puyol
79%
Real MadridToni Kroos
78%
Real MadridGareth Bale
76%
R.Madrid, Mallorca, BarcelonaSamuel Eto'o
74%
Sevilla, BarcelonaDani Alves
73%
Barcelona, Real MadridLuis Figo
73%
Sporting, Zaragoza, Valencia, Barcelona, AtleticoDavid Villa
72%
Valencia, BarcelonaJordi Alba
72%
BarcelonaVictor Valdes
70%
Real MadridZinedine Zidane
70%
Real MadridMarcelo
68%
Real MadridCasemiro
67%
Real MadridRaul
66%
Atletico, Real MadridThibaut Courtois
63%
Almeria, ValenciaDiego Alves
62%
BarcelonaMarc-Andre Ter Stegen
62%
Sevilla, Barcelona, SevillaIvan Rakitic
59%
Real MadridPepe
58%
AtleticoFernando Torres
56%
Real MadridRoberto Carlos
56%
Real Sociedad, Real MadridXabi Alonso
56%
AtleticoKoke
54%
SD Eibar, Celta, Valencia, Real SociedadDavid Silva
53%
Real MadridDavid Beckham
52%
Celta, Sevilla, CeltaIago Aspas
51%
AtleticoJan Oblak
50%
DeportivoMauro Silva
50%
BarcelonaPedro
50%
Deportivo, BarcelonaRivaldo
48%
Villarreal, AtleticoDiego Godin
47%
Athletic, Mallorca, Valencia, AthleticAritz Aduriz
41%
Betis, Valencia, Malaga, BetisJoaquin
40%
R.Madrid, Getafe, Valencia, VillarrealDani Parejo
39%
Atletico, Rayo VallecanoRadamel Falcao
39%
Villarreal, AtleticoDiego Forlan
38%
Real MadridGuti
37%
Deportivo, AtleticoFilipe Luis
34%
AtleticoSergio Aguero
34%
Real Zaragoza, AtleticoGabi
33%
BarcelonaJavier Mascherano
33%
Real MadridGonzalo Higuain
32%
Real MadridFernando Hierro
31%
Athletic, Sevilla, SD EibarFernando Llorente
31%
Osasuna, Atletico, AthleticRaul Garcia
29%
Albacete, Zaragoza, R.Madrid, ValenciaFernando Morientes
27%
AthleticIker Muniain
26%
Alaves, Atletico, ZaragozaJavi Moreno
25%
Barcelona, VillarrealJuan Roman Riquelme
25%
Barcelona, Levante, Zaragoza, EspanyolSergio Garcia
25%
VillarrealMarcos Senna
24%
BarcelonaRafa Marquez
24%
Espanyol, Atletico, Deportivo, VillarrealJoan Capdevila
23%
Celta, Real MadridClaude Makelele
20%
Celta, R.Madrid, ValenciaSanti Cañizares
20%
Mallorca, Atletico, Deportivo, Las PalmasJuan Carlos Valeron
19%
Real ZaragozaDiego Milito
18%
SevillaFrederic Kanoute
18%
Recreativo, Mallorca, GetafeDani Güiza
17%
Barcelona, ValenciaPatrick Kluivert
17%
Tenerife, DeportivoRoy Makaay
17%
Sevilla, R.Madrid, Atletico, Sevilla, EspanyolJose Antonio Reyes
16%
SevillaLuis Fabiano
15%
Villarreal, ValenciaDavid Albelda
14%
Racing, R.Madrid, Deportivo, RacingPedro Munitis
14%
Sevilla, Barcelona, ValenciaSeydou Keita
14%
Sevilla, R.Madrid, MalagaJulio Baptista
13%
Mallorca, Deportivo, CadizDiego Tristan
12%
Levante, VillarrealJose Luis Morales
12%
Valencia, Real ZaragozaPablo Aimar
12%
Espanyol, R.Sociedad, Rayo VallecanoRaul Tamudo
12%
Real SociedadXabi Prieto
12%
Villarreal, Valencia, SevillaAndres Palop
11%
Valladolid, Atletico, ValenciaRuben Baraja
11%
Las Palmas, Albacete, Deportivo, BetisRuben Castro
10%
Espanyol, MalagaCarlos Kameni
9%
OsasunaPatxi Puñal
9%
Deportivo, Mallorca, Espanyol, Osasuna, VillarrealWalter Pandiani
9%
Valencia, ZaragozaRoberto Ayala
8%
VillarrealBruno Soriano
7%
AthleticJulen Guerrero
7%
Racing, ValenciaNikola Zigic
7%
Mallorca, Malaga, DeportivoAlbert Luque
6%
Celta, AlavesAleksandr Mostovoi
5%
Real SociedadDarko Kovacevic
5%
AthleticFran Yeste
4%

Score Distribution

Percentile by Number Answered

Percent of People with Each Score

Your Score History

You have not taken this quiz